Score 0/60 Timer 06:00
1 Play Today
% Correct
Matthew
96.2%
Stephen
96.1%
Zachary
96.1%
Douglas
96.1%
Samuel
96%
Gabriel
96%
Daniel
96%
Stanley
96%
Benjamin
96%
Geoffrey
95.9%
Peter
96%
Louis
95.9%
Oliver
95.9%
David
95.8%
Vincent
95.8%
Wilfred
95.8%
Leslie
95.8%
Leonard
95.7%
Frederick
95.6%
Raymond
95.6%
Percival
95.6%
Gregory
95.6%
Reginald
95.6%
Victor
95.6%
Archibald
95.6%
Abraham
95.5%
Joseph
95.5%
Nicholas
95.4%
Ernest
95.3%
Bartholomew
95.1%
% Correct
Michael
95.1%
Walter
94.9%
Jacob
94.7%
Timothy
94.7%
Arnold
94.4%
Francis
94.4%
Rodney
94.3%
Charles
94.3%
Patrick
94.2%
Ronald
94%
James
93.8%
Arthur
93.7%
Rudolf
93.5%
Bernard
93.5%
Andrew
93.2%
Philip
92%
Robert
91.6%
Richard
91.4%
Anthony
90.9%
Henry
90.8%
Augustus
88.5%
Barnaby
87.2%
William
81.9%
John
80.5%
Terence
77%
Thomas
76.3%
Christopher
74.5%
Albert
68.4%
Alexander
67.8%
Edward
61.5%
Remove Ads.
Support Sporcle.
Get the best of Sporcle when you Go Orange. This ad-free experience offers more features, more stats, and more fun while also helping to support Sporcle. Thank you for becoming a member.

You're not logged in!

Compare scores with friends on all Sporcle quizzes.
OR
Log In

Show Comments

Extras

Top Quizzes Today


Score Distribution

Your Account Isn't Verified!

In order to create a playlist on Sporcle, you need to verify the email address you used during registration. Go to your Sporcle Settings to finish the process.

Report this User

Report this user for behavior that violates our Community Guidelines.

Details: